De historia e historiadores: homenaje a José Luis Romero
Gorde:
| Egile nagusia: | |
|---|---|
| Formatua: | Liburua |
| Hizkuntza: | gaztelania |
| Argitaratua: |
Ciudad de México
Siglo Veintiuno
1982
|
| Edizioa: | 1a. ed |
| Gaiak: | |
| Etiketak: |
Etiketa erantsi
Etiketarik gabe, Izan zaitez lehena erregistro honi etiketa jartzen!
|
MARC
| LEADER | 00000cam a2200000 a 4500 | ||
|---|---|---|---|
| 001 | UCX1296 | ||
| 003 | CL-VaPUC | ||
| 008 | 900716e19820000MX |||||||||||||||||spa|d | ||
| 020 | |a 9682309395 | ||
| 082 | 0 | 4 | |a 928.82 |b BAG |2 21 |
| 100 | |a Bagú, Sergio |e author |9 496206 | ||
| 245 | 1 | 0 | |a De historia e historiadores: homenaje a José Luis Romero |
| 250 | |a 1a. ed | ||
| 300 | |a 436 p | ||
| 942 | |c BK | ||
| 945 | |d 19900716 00:00:00 | ||
| 260 | |a Ciudad de México |b Siglo Veintiuno |c 1982 | ||
| 600 | 0 | 7 | |a ROMERO, JOSE LUIS |2 CL-VaPUC |9 316760 |
| 650 | 0 | |a Historiografía |9 257871 | |
| 583 | |a last modification |c 20150714 05:12:13 |k Rodrigo Vera | ||
| 999 | |c 222563 |d 222561 | ||
| 952 | |0 0 |1 0 |4 0 |6 928_820000000000000_BAG_1982 |7 0 |8 A |9 217504 |a BIBHIS |b BIBHIS |d 2019-11-15 |i 2864207 |o 928.82 BAG 1982 |p 2864207 |r 2023-01-25 |w 2019-11-15 |y BK |k HIS | ||
| 952 | |0 0 |1 0 |4 0 |6 928_820000000000000_BAG_1982 |7 0 |8 A |9 217505 |a BIBHIS |b BIBHIS |d 2019-11-15 |i 4854780 |o 928.82 BAG 1982 |p 4854780 |r 2023-01-25 |w 2019-11-15 |y BK |k HIS | ||